Letters on yoga / (Record no. 205699)

MARC details
000 -LEADER
fixed length control field 00640nam a22002297a 4500
005 - DATE AND TIME OF LATEST TRANSACTION
control field 20240909112447.0
010 ## - LCCN (DPL NO)
LC control number ENG-141280
020 ## - INTERNATIONAL STANDARD BOOK NUMBER
Terms of availability 380.00
International Standard Book Number 9788170589624 (Vol.4)
035 ## - SYSTEM CONTROL NUMBER
System control number EN-124812
037 ## - SOURCE OF ACQUISITION
Source of stock number/acquisition DBAD
082 ## - DEWEY DECIMAL CLASSIFICATION NUMBER
Classification number 181.45
100 ## - MAIN ENTRY--PERSONAL NAME
Personal name Aurobindo
245 ## - TITLE STATEMENT
Title Letters on yoga /
Statement of responsibility, etc by Aurobindo
246 ## - VARYING FORM OF TITLE
Remainder of title
260 ## - PUBLICATION, DISTRIBUTION, ETC. (IMPRINT)
Place of publication, distribution, etc Pondichery
Name of publisher, distributor, etc Sri Aurobindo Ashram
Date of publication, distribution, etc 2015
270 ## - ADDRESS
City Pondichery
300 ## - PHYSICAL DESCRIPTION
Extent 820p.
Dimensions 21cm(Pb)
500 ## - GENERAL NOTE
General note Includes bibliographical references
650 ## - SUBJECT ADDED ENTRY--TOPICAL TERM
Topical term or geographic name as entry element Yoga -- Letters
650 ## - SUBJECT ADDED ENTRY--TOPICAL TERM
Topical term or geographic name as entry element Realisations of yoga
942 ## - ADDED ENTRY ELEMENTS (KOHA)
Source of classification or shelving scheme Dewey Decimal Classification
Item type English Books
Classification part 181.45
Call number suffix AUR
Holdings
Withdrawn status Lost status Materials specified (bound volume or other part) Not for loan Collection code Home library Current library Date acquired Source of acquisition Cost, normal purchase price Full call number Barcode Copy number Cost, replacement price Koha item type
    Vol-4   Non-fiction Bawana Bawana 09/09/2024 DBAD 380.00 181.45 AUR EN-124812 1 380.00 English Books

© Delhi Public Library
Hit Counter
free hit counter